000 00811nam a2200229Ii 4500
003 JO-AjNU
008 230605s9999||||xx |||||||||||||| ||und||
017 _a2017/2/598
020 _a978-9957-616-62-5
040 _aJO-AjNU
_bara
_erda
_cJO-AjNU
041 _aara
050 1 4 _aHF5626.J374 2018
100 3 _aالجعارات، خالد جمال,
_eauthor
_958009
245 0 0 _aمعايير المحاسبة الدولية في القطاع العام IPSASs، ج2
250 _aط1
264 3 1 _aعمان: دار صفاء للنشر والتوزيع، 2018
300 _aج2: 648ص
_bيحتوي على جداول
336 _atext
_btxt
_2rdacontent
337 _aunmediated
_bn
_2rdamedia
338 _avolume
_bnc
_2rdacarrier
650 4 _aالمحاسبة - العلاقات الدولية
_958010
999 _aA26028
_c29596
_d29596